Dubnica

Zobrazenie: Pohľad na ranobarokový kaštieľ vľavo v popredí. Vľavo pred budovou vidno stromy bez lístia. Pozdĺž budovy je oplotenie. Vpravo v popredí vidno na ulici, na prázdnych koľajniciach stáť dve osoby. Vpravo od noch je rad vysokých stromov bez lístia

Bibliographic Details
Format: Postcard
Language:Slovak
PhysicalDescription:1 pohľadnica tónovaná do zelena 9 x 14 cm
Published: [Slovensko?] [vydavateľ neznámy] [medzi 1905 a 1973?]
Subjects:

MARC

LEADER 00000nkm a2200000 a 4500
001 vtls011914202
003 SK-MaSNL
005 20260512124846.0
007 kp ao
008 231120q1905 xo g kuslo
015 |a SNBG 
035 |a urn:nbn:sk:snk-km00eakx 
035 |a urn:nbn:sk:snk-km43gla 
035 |a 3CC2ACA5-F77C-4AF3-9ECE-E596B0BF3A14 
040 |a SNK  |b slo  |c SNK  |e AACR2 
041 0 |a slo 
043 |a e-xo--- 
044 |a xo  |c SK 
072 7 |a 913  |x Regionálna geografia  |2 konspekt 
080 |a 913(437.6)  |2 2011 
080 |a 728.82  |2 2011 
080 |a (084.121)  |2 2011 
080 |a 711.73  |2 2011 
245 0 0 |a Dubnica  |h grafika 
260 |a [Slovensko?]  |b [vydavateľ neznámy]  |c [medzi 1905 a 1973?] 
300 |a 1 pohľadnica  |b tónovaná do zelena  |c 9 x 14 cm 
500 |a Názvové údaje prevzaté z obrazovej časti pohľadnice 
520 8 |a Zobrazenie: Pohľad na ranobarokový kaštieľ vľavo v popredí. Vľavo pred budovou vidno stromy bez lístia. Pozdĺž budovy je oplotenie. Vpravo v popredí vidno na ulici, na prázdnych koľajniciach stáť dve osoby. Vpravo od noch je rad vysokých stromov bez lístia 
610 2 7 |a Ranobarokový kaštieľ (Dubnica nad Váhom, Slovensko)  |2 SNKKA  |9 172424 
650 0 7 |a kaštiele  |2 SNKPH  |9 28599 
650 0 7 |a ulice  |2 SNKPH  |9 2938 
651 7 |a Dubnica nad Váhom (Slovensko)  |2 SNKPHgeo  |9 58303 
655 7 |a miestne pohľadnice  |2 SNKPH  |9 70510 
852 |a Slovenská národná knižnica 
954 |a pohľadnice pôvodné (slovenské)  |2 lita 
958 |a OND 
958 |a GBN 
958 |a GC 
958 |a EUIPO 
999 |c 950313  |d 952243 
952 |a SNK  |b SNK  |y PREZ  |7 0  |p 17A1381342  |o snkSP 131305  |z Pohľadnica prešla poštou.  |0 0  |1 0  |4 0  |d 2020-01-29  |f 1  |l 0  |r 2026-02-24 09:46:24  |w 2026-02-24